Perintis-perintis seni lukis Malaysia
| Main Author: | |
|---|---|
| Format: | Book |
| Subjects: |
MARC
| LEADER | 00000cam a2200000 7i4500 | ||
|---|---|---|---|
| 001 | 0000007503 | ||
| 002 | 000008062 | ||
| 005 | 20000330.0 | ||
| 020 | |a 9839018019 | ||
| 090 | 0 | 0 | |a 700.929595 |b TAN |
| 100 | 0 | |a Tan Chee Khuan |f Dr | |
| 245 | 1 | 0 | |a Perintis-perintis seni lukis Malaysia |c Dr. Tan Chee Khuan |
| 300 | |a 120p. : |b ill.30cm | ||
| 650 | 0 | 0 | |a Painting |x Personal collections |
| 650 | 0 | 0 | |a Pastel drawing |
| 999 | |a 051325 |b BUKU |c PINJAMAN |e PERPUSTAKAAN KOMUNITI PETALING JAYA | ||